000 00637nam a2200217Ia 4500
005 20250508162746.0
008 008 250505s9999 xx 000 0 eng d
037 _aTextBook
040 _aFEDL
_beng
_cFEDL
041 _aeng
_2eng
084 _a370.19342, THA
_qFEDL
100 _aThapan Meenakshi
245 0 _aLife at school : An ethnographic study
260 _aDelhi, India
_bOxford University Press
_c1991
300 _aviii,271p
365 _aINR
_b250
546 _aAcc. No. 083371 is MACESE book
650 _aEducation - Sociology
_9757833
942 _cTB
_h370.19342, THA
999 _c1378526
_d1378526